La « révolution conservatrice », une stratégie disculpante? Mohler, de Benoist, Douguine (notice n° 2211295)

détails MARC
000 -LEADER
fixed length control field 01389cam a2200217 4500500
005 - DATE AND TIME OF LATEST TRANSACTION
control field 20260412001146.0
041 ## - LANGUAGE CODE
Language code of text/sound track or separate title fre
042 ## - AUTHENTICATION CODE
Authentication code dc
100 10 - MAIN ENTRY--PERSONAL NAME
Personal name Faye, Emmanuel
Relator term author
245 00 - TITLE STATEMENT
Title La « révolution conservatrice », une stratégie disculpante? Mohler, de Benoist, Douguine
260 ## - PUBLICATION, DISTRIBUTION, ETC.
Date of publication, distribution, etc. 2026.<br/>
500 ## - GENERAL NOTE
General note 1
520 ## - SUMMARY, ETC.
Summary, etc. En 1942, un jeune transfuge suisse passe la frontière allemande dans le but de s’intégrer à la Waffen SS. Il se nomme Armin Mohler. Après-guerre, à Bâle, il soutient une thèse sous la direction de Karl Jaspers. L’auteur de La Culpabilité allemande dut regretter d’avoir accepté le parrainage de ce travail. Car il s’y agit, en découplant une prétendue « révolution conservatrice » et le national-socialisme, de disculper certains intellectuels liés au nazisme, à commencer par Carl Schmitt. Les théories et les écrits d’Armin Mohler firent leur chemin en France – longue chaîne de « dédiabolisations ». Et aussi en Russie, moyennant d’autres sinuosités…
690 ## - LOCAL SUBJECT ADDED ENTRY--TOPICAL TERM (OCLC, RLIN)
Topical term or geographic name as entry element #ALLEMAGNE
690 ## - LOCAL SUBJECT ADDED ENTRY--TOPICAL TERM (OCLC, RLIN)
Topical term or geographic name as entry element #CARL SCHMITT
690 ## - LOCAL SUBJECT ADDED ENTRY--TOPICAL TERM (OCLC, RLIN)
Topical term or geographic name as entry element #EXTRÊME DROITE
690 ## - LOCAL SUBJECT ADDED ENTRY--TOPICAL TERM (OCLC, RLIN)
Topical term or geographic name as entry element #NATIONAL-SOCIALISME
690 ## - LOCAL SUBJECT ADDED ENTRY--TOPICAL TERM (OCLC, RLIN)
Topical term or geographic name as entry element ÉTUDES
786 0# - DATA SOURCE ENTRY
Note Les Temps qui restent | 7 | 3 | 2026-02-20 | p. 204-221 | 3038-0464
856 41 - ELECTRONIC LOCATION AND ACCESS
Uniform Resource Identifier <a href="https://shs.cairn.info/revue-les-temps-qui-restent-2025-3-page-204?lang=fr&redirect-ssocas=7080">https://shs.cairn.info/revue-les-temps-qui-restent-2025-3-page-204?lang=fr&redirect-ssocas=7080</a>

Pas d'exemplaire disponible.

PLUDOC

PLUDOC est la plateforme unique et centralisée de gestion des bibliothèques physiques et numériques de Guinée administré par le CEDUST. Elle est la plus grande base de données de ressources documentaires pour les Étudiants, Enseignants chercheurs et Chercheurs de Guinée.

Adresse

627 919 101/664 919 101

25 boulevard du commerce
Kaloum, Conakry, Guinée

Réseaux sociaux

Powered by Netsen Group @ 2025